| 000 | 01452cas a2200373 4500 | ||
|---|---|---|---|
| 001 | 11214184 | ||
| 005 | 20180312082132.0 | ||
| 008 | 750205d19731991is ar 0 a0eng | ||
| 010 |
_a 77649587 _z 72090254 |
||
| 016 | 7 |
_a007851223 _2Uk |
|
| 022 | 0 |
_a0303-7819 _2z |
|
| 035 | _a(OCoLC)ocm01161685 | ||
| 040 |
_aDLC _beng _cNLM _dDLC _dNSD _dNST _dOCL _dNST _dDLC _dNST _dDLC _dIUL _dNST _dWAU _dOCL _dIUL _dDLC _dOCLCQ _dNLGGC _dITC _dDLC _dVVW _dOCLCQ _dUKMGB _dOCLCO _dOCLCF _dOCLCO _dOCLCQ _dOCLCO _dOCLCQ _dY5J _dNLC _dOCLCA _dOCLCQ |
||
| 041 | _aeng | ||
| 042 |
_apcc _ansdp |
||
| 060 | _aDS 102.8 E561 | ||
| 080 | _a909.04924 LTD | ||
| 082 | 0 | 4 | _a909.04924 LTD |
| 100 | _a23 | ||
| 101 | _aENC | ||
| 222 | 0 | _aEncyclopaedia Judaica year book | |
| 245 | 0 | 0 | _aEncyclopaedia Judaica year book. |
| 246 | 3 | _aEncyclopedia Judaica yearbook | |
| 310 | _aAnnual | ||
| 362 | 0 | _a1973- | |
| 362 | 1 |
_aCeased in 1991. _zCf. Letter from publisher. |
|
| 590 | _aSERBIB/SERLOC merged record | ||
| 770 | 0 |
_tEncyclopaedia Judaica decennial book _w(DLC)sn 85014211 _w(OCoLC)10131312 |
|
| 776 | 0 | 8 |
_iOnline version: _tEncyclopaedia Judaica year book _w(OCoLC)657162701 |
| 906 |
_a7 _bcbc _cserials _d3 _encip _f19 _gn-oclcserc |
||
| 942 |
_2ddc _cBK |
||
| 999 |
_c44743 _d44743 |
||